000 00626nam a2200229Ia 4500
005 20260429111928.0
008 260429s9999||||xx |||||||||||||| ||und||
020 _a9789359786544
041 _aEnglish
082 _a613.7
_bSAH
100 _aSahu, Krishna Kant
245 0 _aEssentials of physical education /
_cKrishna Kant Sahu
250 _a1st ed.
260 _aNew Delhi :
_bFriends Publications (India),
_c2024.
300 _aix, 215 p.; hb
650 _a Exercise studies
650 _a Sports science
650 _aPhysical education
700 _a Sahu, Megha
700 _a Singh, Poonam
942 _cTB
999 _c51472
_d51472